Dreams to reality : (Record no. 47856)

MARC details
000 -LEADER
fixed length control field 00679nam a22001817a 4500
005 - DATE AND TIME OF LATEST TRANSACTION
control field 20100927160338.0
008 - FIXED-LENGTH DATA ELEMENTS--GENERAL INFORMATION
fixed length control field 100927t xxu||||| |||| 00| 0 eng d
020 ## - INTERNATIONAL STANDARD BOOK NUMBER
International Standard Book Number 81-243-1277-X
Terms of availability 100.00
035 ## - SYSTEM CONTROL NUMBER
System control number B-190334
082 ## - DEWEY DECIMAL CLASSIFICATION NUMBER
Classification number 921
100 ## - MAIN ENTRY--PERSONAL NAME
Personal name Laxman, Srinivas
9 (RLIN) 22092
245 ## - TITLE STATEMENT
Title Dreams to reality :
Remainder of title a biography of A. P. J. Abdulkalam
Statement of responsibility, etc by Srinivas Laxman ; illustrated by Prabhakar Wairkar
260 ## - PUBLICATION, DISTRIBUTION, ETC. (IMPRINT)
Place of publication, distribution, etc Mumbai
Name of publisher, distributor, etc Navneet Publications
Date of publication, distribution, etc 2006
300 ## - PHYSICAL DESCRIPTION
Extent 112p.
Other physical details 22cm. (Hb)
Dimensions illu.
700 ## - ADDED ENTRY--PERSONAL NAME
Personal name Wairkar, Prabhakar
9 (RLIN) 22093
942 ## - ADDED ENTRY ELEMENTS (KOHA)
Source of classification or shelving scheme Dewey Decimal Classification
Item type English Books
Classification part 921
Call number suffix ABD
Holdings
Withdrawn status Lost status Source of classification or shelving scheme Damaged status Not for loan Collection code Home library Current library Date acquired Cost, normal purchase price Total Checkouts Full call number Barcode Date last seen Copy number Cost, replacement price Koha item type
    Dewey Decimal Classification   Not For Loan Non-fiction Patel Nagar Patel Nagar 27/09/2010 100.00   921 ABD B-190334 27/09/2010 1 100.00 English Books

© Delhi Public Library
Hit Counter
free hit counter